Bauernkrieg zwischen Harz und Thüringer Wald

Bibliographische Detailangaben
Weitere Verfasser: Vogler, Günter 1933-2025 (HerausgeberIn)
Format: Buch
Sprache:German
Veröffentlicht: Stuttgart : Steiner, 2008
Mit dem übergeordneten Werk verknüpfte Titel:Historische Mitteilungen Beiheft 69
Zugriff auf das übergeordnete Werk:Historische Mitteilungen
Schlagworte:Bauernkrieg Peasants' War, 1524-1525 Thüringen
Umfang:522 S.
LEADER 01000cam a2200265 c 4500
001 558197876
003 DE-627
005 20251223214645.0
007 tu
008 080211s2008 gw ||||| 00| ||ger c
015 |a 08,N05,2806  |2 dnb 
015 |a 08,N05,2806  |2 dnb 
016 7 |a 987143212  |2 DE-101 
020 |a 3515091750  |q Kt. : sfr 136.00 (freier Pr.), EUR 80.00  |9 3-515-09175-0 
020 |a 9783515091756  |q Kt. : sfr 136.00 (freier Pr.), EUR 80.00  |9 978-3-515-09175-6 
024 3 |a 9783515091756 
024 8 |a 9175  |q Best.-Nr. 
035 |a (DE-627)558197876 
035 |a (DE-603)195088476 
035 |a (DE-576)276689534 
035 |a (DE-599)DNB987143212 
035 |a (OCoLC)230038518 
035 |a (OCoLC)230038518 
040 |a DE-627  |b ger  |c DE-627  |e rakwb 
041 |a ger 
044 |c XA-DE-BW 
050 0 |a DD183 
082 0 |a 943  |q BSZ 
082 0 |a 943.22031 
082 0 4 |a 943 
084 |a 8,1  |a 1  |2 ssgn 
084 |a BP 6253  |2 rvk  |0 (DE-625)rvk/15085:350 
084 |a NN 3055  |2 rvk  |0 (DE-625)rvk/126760: 
084 |a 15.42  |2 bkl 
084 |a 15.48  |2 bkl 
090 |a a 
245 0 0 |a Bauernkrieg zwischen Harz und Thüringer Wald  |c Günter Vogler (Hg.) 
264 1 |a Stuttgart  |b Steiner  |c 2008 
300 |a 522 S.  |b Ill., Kt.  |c 24 cm 
336 |a Text  |b txt  |2 rdacontent 
337 |a ohne Hilfsmittel zu benutzen  |b n  |2 rdamedia 
338 |a Band  |b nc  |2 rdacarrier 
490 1 |a Historische Mitteilungen  |a Beihefte  |v 69 
500 |a Literaturverzeichnis Seite 485 - 502 
505 8 |a Literaturverz. S. [485] - 502 
583 1 |a Archivierung/Langzeitarchivierung gewährleistet  |f PEBW  |x XA-DE-BW  |2 pdager  |5 DE-24 
650 0 7 |0 (DE-588)4069173-1  |0 (DE-627)104137495  |0 (DE-576)209175788  |a Bauernkrieg  |g 1525  |2 gnd 
650 4 |a Peasants' War, 1524-1525 
651 7 |0 (DE-588)4059979-6  |0 (DE-627)106141384  |0 (DE-576)20913321X  |a Thüringen  |2 gnd 
651 7 |0 (DE-588)4051181-9  |0 (DE-627)104253207  |0 (DE-576)209091827  |a Sachsen-Anhalt  |2 gnd 
651 7 |0 (DE-588)4023568-3  |0 (DE-627)104819898  |0 (DE-576)208950087  |a Harz  |2 gnd 
651 4 |a Harz Mountains (Germany)  |x History 
651 4 |a Thuringian Forest (Germany)  |x History 
655 7 |a Aufsatzsammlung  |0 (DE-588)4143413-4  |0 (DE-627)105605727  |0 (DE-576)209726091  |2 gnd-content 
689 0 0 |D g  |0 (DE-588)4059979-6  |0 (DE-627)106141384  |0 (DE-576)20913321X  |a Thüringen  |2 gnd 
689 0 1 |D s  |0 (DE-588)4069173-1  |0 (DE-627)104137495  |0 (DE-576)209175788  |a Bauernkrieg  |g 1525  |2 gnd 
689 0 |5 DE-101 
700 1 |a Vogler, Günter  |d 1933-2025  |e hrsg  |0 (DE-588)128527889  |0 (DE-627)374208875  |0 (DE-576)16343249X  |4 edt 
787 0 8 |i Rezension  |a Kopitzsch, Franklin, 1947 -   |t Vogler, Günter (hrsg.): Bauernkrieg zwischen Harz und Thüringer Wald  |d 2010  |w (DE-627)664699782  |w (DE-576)9664699780 
787 0 8 |i Rezension  |a Eberl, Immo  |t [Rezension von: Bauernkrieg zwischen Harz und Thüringer Wald, Günter Vogler (Hg.)]  |d 2010  |w (DE-627)667022430 
787 0 8 |i Rezensiert in  |a Baylor, Michael G.  |t [Rezension von: Vogler, Günter, Bauernkrieg zwischen Harz und Thüringer Wald]  |d 2009  |w (DE-627)1802409572 
830 0 |a Historische Mitteilungen  |p Beiheft  |v 69  |9 69  |w (DE-627)130969273  |w (DE-576)04308155X  |w (DE-600)1069943-0  |x 0939-5385  |7 am 
856 4 2 |u http://www.gbv.de/dms/hbz/toc/ht015429278.pdf  |m V:DE-605  |q pdf/application  |v 2008-11-15  |x Verlag  |y Inhaltsverzeichnis  |3 Inhaltsverzeichnis  |7 1 
856 4 2 |u http://bvbr.bib-bvb.de:8991/F?func=service&doc_library=BVB01&doc_number=016367341&line_number=0002&func_code=DB_RECORDS&service_type=MEDIA  |m V:DE-604  |q application/pdf  |3 Klappentext  |7 1 
856 4 2 |u http://d-nb.info/987143212/04  |m B:DE-101  |q application/pdf  |3 Inhaltsverzeichnis  |7 1 
856 4 2 |u http://scans.hebis.de/HEBCGI/show.pl?19508847_kla.pdf  |m V:DE-604  |q application/pdf  |3 Klappentext  |7 1 
912 |a GBV_ILN_11 
912 |a ISIL_DE-1a 
912 |a SYSFLAG_1 
912 |a GBV_KXP 
912 |a SSG-OPC-ANG 
912 |a GBV_ILN_20 
912 |a ISIL_DE-84 
912 |a GBV_ILN_21 
912 |a ISIL_DE-46 
912 |a GBV_ILN_22 
912 |a ISIL_DE-18 
912 |a GBV_ILN_22_i07603 
912 |a GBV_ILN_22_i30908 
912 |a GBV_ILN_24 
912 |a ISIL_DE-8 
912 |a GBV_ILN_24_f040 
912 |a GBV_ILN_31 
912 |a ISIL_DE-27 
912 |a GBV_ILN_39 
912 |a ISIL_DE-547 
912 |a GBV_ILN_40 
912 |a ISIL_DE-7 
912 |a GBV_ILN_40_i053 
912 |a GBV_ILN_40_i118 
912 |a GBV_ILN_50 
912 |a ISIL_DE-23 
912 |a GBV_ILN_60 
912 |a ISIL_DE-705 
912 |a GBV_ILN_61 
912 |a ISIL_DE-32 
912 |a GBV_ILN_62 
912 |a ISIL_DE-28 
912 |a GBV_ILN_65 
912 |a ISIL_DE-3 
912 |a GBV_ILN_65_a018 
912 |a GBV_ILN_69 
912 |a ISIL_DE-9 
912 |a GBV_ILN_70 
912 |a ISIL_DE-89 
912 |a GBV_ILN_72 
912 |a ISIL_DE-35 
912 |a GBV_ILN_100 
912 |a ISIL_DE-Ma9 
912 |a GBV_ILN_120 
912 |a ISIL_DE-715 
912 |a GBV_ILN_123 
912 |a ISIL_DE-Ha33 
912 |a GBV_ILN_130 
912 |a ISIL_DE-700 
912 |a GBV_ILN_227 
912 |a ISIL_DE-56 
912 |a GBV_ILN_289 
912 |a GBV_ILN_294 
912 |a GBV_ILN_294_WS004 
912 |a GBV_ILN_350 
912 |a ISIL_DE-2795 
912 |a GBV_ILN_350_ 
912 |a GBV_ILN_692 
912 |a ISIL_DE-We21 
912 |a GBV_ILN_698 
912 |a GBV_ILN_791 
912 |a ISIL_DE-Hil6 
912 |a GBV_ILN_807 
912 |a ISIL_DE-Wb1 
912 |a GBV_ILN_2002 
912 |a ISIL_DE-21-64 
912 |a ISIL_DE-21-32c 
912 |a GBV_ILN_2003 
912 |a ISIL_DE-25 
912 |a GBV_ILN_2005 
912 |a ISIL_DE-291 
912 |a GBV_ILN_2006 
912 |a ISIL_DE-14 
912 |a GBV_ILN_2007 
912 |a ISIL_DE-352 
912 |a GBV_ILN_2008 
912 |a ISIL_DE-24 
912 |a GBV_ILN_2009 
912 |a ISIL_DE-180 
912 |a GBV_ILN_2010 
912 |a ISIL_DE-15 
912 |a GBV_ILN_2011 
912 |a ISIL_DE-16 
912 |a GBV_ILN_2018 
912 |a ISIL_DE-31 
912 |a GBV_ILN_2019 
912 |a ISIL_DE-Tue135 
912 |a GBV_ILN_2056 
912 |a ISIL_DE-2491 
912 |a GBV_ILN_2138 
912 |a ISIL_DE-D174 
912 |a GBV_ILN_2430 
912 |a ISIL_DE-Sam1 
912 |a GBV_ILN_2579 
912 |a ISIL_DE-Mz5 
935 |a RFBW  |a mteo 
935 |i sf 
935 |i Blocktest 
936 r v |a BP 6253  |b Sammelwerke  |k Theologie und Religionswissenschaften  |k Evangelische Kirchengeschichte  |k Territorialkirchengeschichte  |k Evangelisch-Lutherische Kirche in Thüringen  |k Sammelwerke  |0 (DE-627)1273446208  |0 (DE-625)rvk/15085:350  |0 (DE-576)203446208 
936 r v |a NN 3055  |b Bauernkrieg und andere Unruhen  |k Geschichte  |k Neuere Geschichte  |k Zeitalter der Reformation (1517 - 1555)  |k Geschichte des Reichs (1517 - 1555)  |k Innere Geschichte  |k Bauernkrieg und andere Unruhen  |0 (DE-627)1271465523  |0 (DE-625)rvk/126760:  |0 (DE-576)201465523 
936 b k |a 15.42  |j Deutsche Geschichte 1500-1800  |0 (DE-627)181569736 
936 b k |a 15.48  |j Sachsen  |j Sachsen-Anhalt  |j Thüringen  |x Geschichte  |0 (DE-627)181571048 
951 |a BO 
953 |2 045F  |a 943  |u https://www.gbv.de/dms/ddc/943.pdf 
953 |2 045F  |a 943.22031  |u https://www.gbv.de/dms/ddc/943.22031.pdf 
980 |2 11  |1 01  |x 0001  |b 865360707  |c 00  |f 2  |d 1 A 676164  |e u  |j --%%--  |y k  |z 20-08-08 
980 |2 20  |1 01  |x 0084  |b 1621587355  |c 00  |f S4  |d --%%--  |e i  |j --%%--  |y riS4  |z 21-06-16 
980 |2 21  |1 01  |x 0046  |b 863295436  |c 00  |f E03  |d a his 048.7 thu/69  |e u  |j --%%--  |h Aufsätze  |y zza  |z 15-05-08 
980 |2 22  |1 01  |x 0018  |b 947916717  |c 00  |f 18/76-m  |d IV Db 729  |e i  |j --%%--  |h FWSGESCH  |y zi07603  |z 15-10-09 
980 |2 22  |1 02  |x 0018  |b 1465695877  |c 00  |f 18/309-GE  |d his 048/68 FNZ  |e c  |j --%%--  |c 04  |f 18/309-h  |d his 048/68 FNZ  |e i  |j --%%--  |y zi30908  |z 28-03-14 
980 |2 24  |1 01  |x 0008  |b 862826845  |c 00  |f 10 gsd 912  |d Bh 906  |e u  |j --%%--  |h hb  |y zz1  |z 05-03-08 
980 |2 24  |1 02  |x 0008  |b 864016921  |c 00  |f 8/40  |d Nb 5468/30  |e i  |j --%%--  |h ha  |y zf040  |z 13-03-08 
980 |2 31  |1 00  |x DE-27  |y UFa-tb200804 
980 |2 31  |1 01  |x 0027  |b 867210443  |c 00  |f J 23  |d HIS:ON:520:::2008  |e d  |j --%%--  |k Aufs. erfasst  |y z  |z 07-04-08 
980 |2 39  |1 01  |x 0547  |b 877288402  |c 00  |f LS  |d NN 3055 V883  |e b  |j --%%--  |y zet3  |z 27-11-09 
980 |2 39  |1 02  |x 547/039  |b 879864923  |c 00  |f FBG MAG  |d A 19589 (69)  |e u  |j --%%--  |c 05  |f --%%--  |d Forschungsbibliothek Gotha  |e --%%--  |j --%%--  |y zgt8  |z 21-08-09 
980 |2 40  |1 01  |x 0007  |b 876963521  |c 00  |f FMAG  |d 2008 A 14070  |e u  |j --%%--  |y xsn  |z 20-08-08 
980 |2 40  |1 02  |x 0007  |b 868386774  |c 00  |f BBK-IHLF  |d L-LA 152  |e i  |j --%%--  |y ri053  |z 15-04-08 
980 |2 40  |1 03  |x 7/45  |b 1114834475  |c 00  |f 7/118  |d 42,630  |e i  |j --%%--  |y ki118  |z 22-06-10 
980 |2 50  |1 01  |x 0023  |b 899745903  |c 00  |f --%%--  |d 59.2104  |e u  |j --%%--  |y k  |z 19-08-09 
980 |2 60  |1 01  |x 0705  |b 860854868  |c 00  |f PAE  |d HIS 254:YD0001  |e u  |j --%%--  |y z  |z 29-02-08 
980 |2 61  |1 01  |x 0032  |b 868032220  |c 00  |f FHB  |d NN 3055 V883  |e b  |j --%%--  |y z  |z 11-04-08 
980 |2 62  |1 01  |x 0028  |b 3596606381  |c 00  |f 28/BB2  |d NN 3055 V883 B3  |e u  |j --%%--  |h ACQ  |y z  |z 02-03-20 
980 |2 65  |1 01  |x 3/18  |b 916877574  |c 00  |f Ha 18-RVK  |d NN 3055 105 a  |e u  |j --%%--  |c 09  |f Ha 18-18  |d G III Cb 1206  |e --%%--  |j --%%--  |y ka018  |z 13-01-09 
980 |2 65  |1 03  |x 3/18  |b 1805700286  |c 00  |f Ha 18-RVK  |d NN 3055 105  |e u  |j --%%--  |y ka018  |z 20-09-18 
980 |2 69  |1 40  |x 0009  |b 895624710  |c 00  |f BB 310  |d 310/BP 6253 V883  |e u  |j --%%--  |y zi226  |z 27-11-08 
980 |2 70  |1 80  |x 89/19  |b 910937281  |c 00  |f FBSBB  |d Hist 5147/330  |e u  |j --%%--  |y ksg  |z 16-01-09 
980 |2 72  |1 01  |x 0035  |b 880073993  |c 00  |f ZEN  |d 2008/4731  |e u  |j --%%--  |y kz  |z 30-06-08 
980 |2 100  |1 01  |x 3100  |b 896729664  |c 00  |f FH  |d 2008.08264:1  |e u  |j --%%--  |y k  |z 23-08-13 
980 |2 120  |1 01  |x 0715  |b 870528505  |c 00  |f --%%--  |d his 048.7 thu CS 5378  |e u  |j --%%--  |h alma  |y z  |z 29-05-08 
980 |2 123  |1 01  |x 3311  |b 912352469  |c 00  |f --%%--  |d GIb 893  |e i  |j --%%--  |y z4  |z 27-10-09 
980 |2 130  |1 01  |x 0700  |b 860737926  |c 00  |f B  |d LYD N 5056-030 9  |e u  |j --%%--  |y kb  |z 20-02-08 
980 |2 227  |1 01  |x 0056  |b 868107573  |c 00  |f --%%--  |d I 140-892  |e u  |j --%%--  |y x  |z 21-04-08 
980 |2 289  |1 01  |x 3289  |b 914462385  |y x  |z 10-12-08 
980 |2 294  |1 02  |x 3294/004  |b 451974234X  |c 00  |f TLDA  |d A 9171  |e u  |j --%%--  |y zWS004  |z 02-05-24 
980 |2 350  |1 01  |x 8293  |b 878470395  |c 00  |f KELLER  |d Z 609a -69  |e i  |j --%%--  |y z  |z 17-06-08 
980 |2 692  |1 01  |x 4692  |b 4361976635  |c 00  |f --%%--  |d F 127  |e u  |j --%%--  |y z  |z 01-08-23 
980 |2 698  |1 01  |x 4698/0001  |b 4495349848  |c 00  |f HAL-BIB  |d Kg 1295-1  |e u  |j --%%--  |k Errata beigelegt  |y z1  |z 04-03-24 
980 |2 791  |1 01  |x 3791  |b 882446029  |c 00  |f LS  |d GS 16-310  |e b  |j --%%--  |c 01  |f Magazin  |d 1 F e 01853  |e u  |j --%%--  |y z  |z 17-07-08 
980 |2 807  |1 01  |x 3807  |b 867284250  |c 00  |f LG  |d 10340  |e u  |j --%%--  |y z2  |z 08-04-08 
980 |2 807  |1 02  |x 3807  |b 3687334317  |c 00  |f LG  |d Ju 3187  |e u  |j --%%--  |y z  |z 15-06-20 
980 |2 2002  |1 01  |x DE-21-64  |b 3155205652  |c 00  |f --%%--  |d Tca 24  |e p  |j --%%--  |y l01  |z 01-07-08 
980 |2 2002  |1 02  |x DE-21-32c  |b 3155205660  |c 00  |f --%%--  |d C 182-Bh 69  |e p  |j --%%--  |y l01  |z 12-11-09 
980 |2 2003  |1 01  |x DE-25  |b 3155205733  |c 00  |f --%%--  |d GE 2008/10297  |e --%%--  |j --%%--  |y l01  |z 11-11-08 
980 |2 2005  |1 01  |x DE-291  |b 3155205806  |c 00  |f --%%--  |d 2010-4342  |e --%%--  |j --%%--  |y l01  |z 03-05-10 
980 |2 2006  |1 01  |x DE-14  |b 315520589X  |c 00  |f --%%--  |d --%%--  |e --%%--  |j --%%--  |y l01  |z 13-02-08 
980 |2 2007  |1 01  |x DE-352  |b 3155205989  |c 00  |f --%%--  |d --%%--  |e --%%--  |j --%%--  |y l01  |z 30-04-08 
980 |2 2008  |1 01  |x DE-24  |b 3155206055  |c 00  |f --%%--  |d 58/2606  |e --%%--  |j --%%--  |c 01  |f Freihand  |d NN 3055 58/2606  |e --%%--  |j --%%--  |y l01  |z 13-03-08 
980 |2 2009  |1 01  |x DE-180  |b 3155206144  |c 00  |f 300  |d 300 NN 3055 V883  |e --%%--  |j n  |y l01  |z 04-03-16 
980 |2 2010  |1 01  |x DE-15  |b 3155206241  |c 00  |f --%%--  |d --%%--  |e --%%--  |j --%%--  |y l01  |z 02-04-08 
980 |2 2011  |1 01  |x DE-16  |b 3155206306  |c 00  |f --%%--  |d 2009 A 383  |e --%%--  |j --%%--  |y l01  |z 09-12-08 
980 |2 2018  |1 01  |x DE-31  |b 3155206357  |c 00  |f --%%--  |d 108 A 2989  |e --%%--  |j --%%--  |y l01  |z 19-03-08 
980 |2 2019  |1 01  |x DE-Tü135  |b 4522688393  |c 00  |f --%%--  |d --%%--  |e --%%--  |j n  |y l01  |z 14-05-24 
980 |2 2056  |1 01  |x DE-2491  |b 4951150441  |c 00  |f --%%--  |d bestellt  |e --%%--  |j n  |y l01  |z 13-04-26 
980 |2 2138  |1 01  |x DE-D174  |b 315520642X  |c 00  |f --%%--  |d 34743/39  |e --%%--  |j --%%--  |y l01  |z 23-09-08 
980 |2 2430  |1 01  |x DE-Sam1  |b 3155206500  |c 00  |f 1/03  |d 94.529.5/+22/2008ELK  |e l  |j --%%--  |y l01  |z 08-02-11 
980 |2 2579  |1 01  |x DE-Mz5  |b 4700760079  |c 00  |f IEG/1  |d Ka 193 9  |e p  |j n  |y l01  |z 21-02-08 
982 |2 289  |1 00  |x 3289  |8 01  |s g  |0 (DE-627)067414583  |a Harz 
982 |2 289  |1 00  |x 3289  |8 02  |s s  |0 (DE-627)067369804  |a Bauernkrieg 
982 |2 692  |1 00  |x DE-We21  |8 00  |a Bauernkrieg 
982 |2 692  |1 00  |x DE-We21  |8 00  |a Bauernkrieg / Thüringen 
982 |2 692  |1 00  |x DE-We21  |8 00  |a Bauernkrieg / Harz 
982 |2 692  |1 00  |x DE-We21  |8 00  |a Reformation 
982 |2 791  |1 00  |x DE-Hil6  |8 00  |a Bauernkrieg / Thüringen / Eichsfeld / Geschichte 1523 - 1525 / Aufsatzsammlung 
983 |2 21  |1 00  |x DE-46  |8 30  |a his 048.7 thu 
983 |2 21  |1 00  |x DE-46  |8 31  |a his 169 
983 |2 21  |1 00  |x DE-46  |8 99  |a 24 
983 |2 24  |1 01  |x 0008  |8 50  |0 (DE-627)253071283  |a gsd 912.80  |b Bauernkrieg <1525>  |b Region 
983 |2 24  |1 01  |x 0008  |8 60  |0 (DE-627)233763791  |a reg 23.23.6  |b Thüringen 
983 |2 24  |1 01  |x 0008  |8 70  |0 (DE-627)057939381  |a gsd 912  |b Bauernkrieg <1525> 
983 |2 31  |1 00  |x DE-27  |8 10  |0 (DE-627)36598678X  |a 242010  |b Geschichte Neuzeit: Allgemeines <Thüringen> 
983 |2 39  |1 00  |x DE-547  |8 00  |a NN 3055 
983 |2 40  |1 00  |x DE-7  |8 00  |0 (DE-627)62135385X  |a PIG 220  |b 1493-1555 {Deutsche Geschichte} 
983 |2 40  |1 00  |x DE-7  |8 01  |0 (DE-627)621355852  |a PJF 240  |b Frühe Neuzeit {Deutsche Geschichte : Sachsen, Sachsen-Anhalt, Thüringen} 
983 |2 60  |1 00  |x DE-705  |8 04  |a HIS 254 
983 |2 100  |1 00  |x DE-Ma9  |8 00  |a F/D 202 <Thüringen> Baue 
983 |2 120  |1 00  |x DE-715  |8 00  |a his 048.7 thu 
983 |2 120  |1 00  |x DE-715  |8 01  |a his 169 
983 |2 120  |1 01  |x 0715  |8 00  |a his 048.7 thu 
983 |2 120  |1 01  |x 0715  |8 00  |a his 169 
983 |2 123  |1 00  |x DE-Ha33  |8 00  |a GIb 
983 |2 130  |1 01  |x 0700  |8 00  |a LYD N 
983 |2 130  |1 01  |x 0700  |8 01  |a LOO N 
983 |2 289  |1 00  |x 3289  |8 00  |a nx 
983 |2 289  |1 00  |x 3289  |8 01  |0 (DE-627)067514944  |a 263214 
983 |2 289  |1 00  |x 3289  |8 02  |a 60 Harz 
983 |2 289  |1 01  |x 3289  |8 99  |a j2008 
984 |2 11  |1 01  |x 0001  |a 149218777010 
984 |2 22  |1 01  |x 0018  |a 100482401 
984 |2 22  |1 02  |x 0018  |a 102531356 
984 |2 24  |1 01  |x 0008  |a 8$0010927433 
984 |2 31  |1 01  |x 0027  |a 27$021996792 
984 |2 39  |1 01  |x 0547  |a 547$013929100 
984 |2 39  |1 02  |x 547/039  |a 547$014964325 
984 |2 40  |1 01  |x 0007  |a 7$222043032 
984 |2 40  |1 02  |x 0007  |a 7$226445070 
984 |2 40  |1 03  |x 7/45  |a 7/118$00075221 
984 |2 50  |1 01  |x 0023  |a 23$12319910 
984 |2 60  |1 01  |x 0705  |a 705/0$24110809 
984 |2 61  |1 01  |x 0032  |a 32$00865427 
984 |2 62  |1 01  |x 0028  |a 28$014885263 
984 |2 65  |1 01  |x 3/18  |a 3/18$00054261X 
984 |2 65  |1 03  |x 3/18  |a 3/18$001620088 
984 |2 69  |1 40  |x 0009  |a 9$0775227X 
984 |2 70  |1 80  |x 89/19  |a 89$131693832 
984 |2 72  |1 01  |x 0035  |a 35$035408901 
984 |2 100  |1 01  |x 3100  |a MA9$006064795 
984 |2 120  |1 01  |x 0715  |a 20236211 
984 |2 130  |1 01  |x 0700  |a 700$50560309 
984 |2 227  |1 01  |x 0056  |a 56$001379743 
984 |2 294  |1 02  |x 3294/004  |a WIM7$000471 
984 |2 350  |1 01  |x 8293  |a 9783515091756 
984 |2 698  |1 01  |x 4698/0001  |a HAL004754 
984 |2 807  |1 01  |x 3807  |a WB1$0014210 
984 |2 2011  |1 01  |x DE-16  |a 102856673 
984 |2 2018  |1 01  |x DE-31  |a 49098932031 
985 |2 21  |1 01  |x 0046  |a xg 7069 
985 |2 22  |1 01  |x 0018  |a 2009/941 
985 |2 22  |1 02  |x 0018  |a 077 2014/0645 
985 |2 24  |1 02  |x 0008  |a 430/2008 
985 |2 31  |1 01  |x 0027  |a D 29445 
985 |2 39  |1 01  |x 0547  |a 2008011772 
985 |2 39  |1 02  |x 547/039  |a 39-A 19589 (69) 
985 |2 39  |1 02  |x 547/039  |a 2009006883 
985 |2 40  |1 02  |x 0007  |a 2008.99 
985 |2 40  |1 03  |x 7/45  |a LwR 2010/9136 
985 |2 50  |1 01  |x 0023  |a 59.2104 
985 |2 60  |1 01  |x 0705  |a 2008 01624 
985 |2 61  |1 01  |x 0032  |a 2008/05683 
985 |2 62  |1 01  |x 0028  |a 2020.01718 
985 |2 65  |1 01  |x 3/18  |a 18G/2009/00019 
985 |2 65  |1 03  |x 3/18  |a 18G/2018/00907 
985 |2 69  |1 40  |x 0009  |a 2008.15056 
985 |2 70  |1 80  |x 89/19  |a BBG 2008-1877 
985 |2 72  |1 01  |x 0035  |a 35$035408901 
985 |2 120  |1 01  |x 0715  |a CS 5378 
985 |2 123  |1 01  |x 3311  |a 17.1911 
985 |2 227  |1 01  |x 0056  |a 08.1209 
985 |2 350  |1 01  |x 8293  |a 2008/1339 
985 |2 692  |1 01  |x 4692  |a 2014:0395 
985 |2 698  |1 01  |x 4698/0001  |a 24/246 
985 |2 791  |1 01  |x 3791  |a 08.0879K 
985 |2 807  |1 01  |x 3807  |a 10340 
985 |2 807  |1 02  |x 3807  |a Ju 3187 
985 |2 2002  |1 01  |x DE-21-64  |a 38278 
985 |2 2002  |1 02  |x DE-21-32c  |a 08/271 
985 |2 2430  |1 01  |x DE-Sam1  |a ELK 
985 |2 2579  |1 01  |x DE-Mz5  |a 2008.275 
995 |2 21  |1 01  |x 0046  |a Aufsätze 
995 |2 22  |1 01  |x 0018  |a FWSGESCH 
995 |2 24  |1 01  |x 0008  |a hb 
995 |2 24  |1 02  |x 0008  |a ha 
995 |2 62  |1 01  |x 0028  |a ACQ 
995 |2 120  |1 01  |x 0715  |a alma 
998 |2 31  |1 01  |x 0027  |a HIS 200805